Cơ học lý thuyết T2

Saved in:
Bibliographic Details
Main Author: Nguyễn, Trọng
Other Authors: Tống, Danh Hạo
Format: Book
Language:Undetermined
Published: H. Khoa học và Kỹ thuật 2006
Subjects:
Online Access:http://lrc.tdmu.edu.vn/opac/search/detail.asp?aID=2&ID=3599
Tags: Add Tag
No Tags, Be the first to tag this record!
Institutions: Trung tâm Học liệu Trường Đại học Thủ Dầu Một
LEADER 00760nam a2200229Ia 4500
001 TDMU_3599
008 210410s9999 xx 000 0 und d
082 |a 531.301 
090 |b NG527 
100 |a Nguyễn, Trọng 
245 0 |a Cơ học lý thuyết 
245 0 |c Nguyễn Trọng (Ch.b.), Tống Danh Hạo, Lê Thị Hoàng Yến 
245 0 |n T2 
245 0 |p Động lực học 
260 |a H. 
260 |b Khoa học và Kỹ thuật 
260 |c 2006 
300 |a 300tr. 
650 |a Cơ học  |x Lý thuyết; Động lực học 
700 |a Tống, Danh Hạo 
856 |u http://lrc.tdmu.edu.vn/opac/search/detail.asp?aID=2&ID=3599 
980 |a Trung tâm Học liệu Trường Đại học Thủ Dầu Một